000 02204nam a2200361 i 4500
001 196300
003 ES-MaACL
005 20250819170111.0
008 240903s2024 sp | |||| 000 spa
015 _aMON24
017 _aM 34456-2023
_bOficina Depósito Legal Madrid
020 _a9788437647258
035 _a(SpMaBN)a7431026
040 _aSpMaBN
_bspa
_cSpMaBN
_erda
_dES-MaACL
100 _aLuque, Herminia
_9238647
_eaut
245 _aCorre, Atalanta :
_bCrítica feminista del deporte /
_cHerminia Luque.
250 _aPrimera edición 2024
260 _aMadrid :
_bEdiciones Cátedra,
_c2024.
300 _a248 páginas ;
_c21 cm
336 _aTexto
_2rdacontent
337 _asin mediación
_2rdamedia
338 _avolumen
_2rdacarrier
520 _aEl deporte (la construcción histórica de la actividad física que todos co­nocemos) es una fuente inagotable de desigualdad para las mujeres, y a pesar de ser, como nos dice Herminia Luque, una de las estructuras visibles del patriarcado, escapa con facilidad a cualquier crítica teórica sistemática. Sin embargo, el deporte, creado por y para varones (en su doble origen del olimpismo clásico-"coubertiniano" y el ba­lompédico de la "high school"), segrega y discrimina por principio a las mujeres. Y cumple, además, a la perfección fun­ciones pedagógicas de transmisión de valores y roles de masculinidad hegemónicos en todas las sociedades. Si históricamente el deporte se desarrolla como una preparación eficaz para la guerra, en la actualidad la simbiosis con un capitalismo global y multi­mediático lo convierte en un inmen­so poder que sobrepasa incluso al po­der político.
650 7 _aFeminismo
_2embne
_912744
650 4 _911591
_aDeportes
852 _aES-MaACL
_cDES
_gDedicatoria autógrafa de la autora
_hDonación: Herminia Luque
_xEncuadernación rústica
_jN-10116
_9206235
903 _9238647
_aLuque, Herminia
_ednr
942 _cMONOGRAFIA
_n0
999 _c196300
_d196300